• 首页
  • 本馆介绍
  • 公告通知
  • 最新文献
  • 馆藏检索
  • 电子资源
  • 读者导购
  • 参考咨询
  • 我的图书馆
  • 登录
  • 详细信息显示
  • 放入我的书架
  • 预约/预借图书
  • 作者相关作品
  • 分类相关作品
  • 丛书相关作品
  • 出版社相关作品

书目信息

  • 表格格式
  • 工作单格式
  • 卡片格式
题名:
小学语文教学课堂实录评介
    
 
作者: 陶蔚文 , 张平南 主编
分册:  
出版信息: 上海   上海教育出版社  1983
页数: 313页
开本: 19cm
丛书名:
单 册:
中图分类: G623.2 , G621.2
科图分类:
主题词: 语文-课堂教学--小学--实录 , 课堂教学-语文--小学--实录
电子资源:
ISBN:
000 00734nam0 2200253 450
001 1563018863
005 20150123125326.60
010    @dCNY0.74
091    @a7150.2970
100    @a19950705d1983 em y0chiy0110 ea
101 0  @achi
102    @aCN@b310000
105    @ay z 000yy
200 1  @a小学语文教学课堂实录评介@9xiao xue yu wen jiao xue ke tang shi lu ping jie@f陶蔚文,张平南主编
210    @a上海@c上海教育出版社@d1983
215    @a313页@d19cm
606 0  @a语文-课堂教学@x小学@x实录
606 0  @a课堂教学-语文@x小学@x实录
690    @aG623.2@v5
690    @aG621.2@v4
701  0 @a陶蔚文@9tao wei wen@4主编
701  0 @a张平南@9zhang ping nan@4主编
801  0 @aCN@bTSSF@c20150123
905    @aZUCC@dG621.2@eJY56
    
    小学语文教学课堂实录评介/陶蔚文,张平南主编.-上海:上海教育出版社,1983
    313页;19cm
    
    
    ISBN :CNY0.74
    
●
相关链接 在E读中查询图书 在五车中查询图书 在当当中查询图书 在豆瓣中查询图书


正题名:小学语文教学课堂实录评介     索取号:G621.2/JY56         预约/预借

序号 登录号 条形码 馆藏地/架位号 状态 备注
1 7840765   278407653   学院路分馆/ [索取号:G621.2/JY56] 在馆    
2 7841821   278418213   学院路分馆/ [索取号:G621.2/JY56] 在馆    
3 7841822   278418222   学院路分馆/ [索取号:G621.2/JY56] 在馆    
4 7841823   278418231   学院路分馆/ [索取号:G621.2/JY56] 在馆    
唐山师范学院图书馆 欢迎您!
大连网信软件有限公司© 版权所有